000 00735nam a2200253Ia 4500
003 OSt
005 20220927115017.0
006 a|||||r|||| 00| 0
007 ta
008 220926b |||||||| |||| 00| 0 eng d
024 _a36157
037 _cThesis and Dissertations
040 _aRTL
_cRTL
_beng
041 _2eng
_aeng
082 _a"X.2.P, P3/UN"
100 _aAgrawal K C
_9389920
245 0 _aShaping India of our dreams
_b A work of intense re
260 _aNew
_bDekhii Knowledge Books
_c2003
300 _a097p
_ccm.
490 _aCrusade India
650 _aIndia Economic Conditions
942 _h"X.2.P, P3/UN"
_cCC
999 _c705354
_d705354